000 02792nam a22002417a 4500
003 OSt
005 20250227113537.0
008 230911s2017 mx ||||| |||| 00| 0 spa d
020 _a9786073241519
040 _bspa
_cbesoc
100 _aAudesirk, Teresa
_eautor
245 1 0 _aBiología :
_bla vida en la tierra con fisiología /
_cTeresa Audesirk, Gerald Audesirk, Bruce E. Byers ; traducción de Víctor Campos Olguín ; Revisión técnica de Mayori Grimaldo Salazar, Clementina de los Ángeles Equihua Zamora
250 _a10a ed.
260 _aMéxico :
_bPearson,
_c2017
300 _a985 p.
505 _a1 Introducción a la vida sobre la tierra -- UNIDAD 1. LA VIDA DE LA CÉLULA -- Átomos, moléculas y vida -- Moléculas biológicas -- Estructura y funcionamiento celular -- Estructura y funcionamiento en la membrana celular -- Flujo de energía en la vida de una célula -- Captura de energía solar: Fotosíntesis --Cosecha de energía: Glucolisis y respiración celular -- UNIDAD 2. HERENCIA -- Reproducción celular --Meiosis: Bases de la reproducción sexual -- Patrones de herencia -- ADN: La molécula de la herencia -- Expresión y regulación genética -- Biotecnología -- UNIDAD 3. EVOLUCION Y DIVERSIDAD DE LA VIDA -- Principios de evolución -- Como evolucionan las poblaciones -- El origen de las especies -- La historia de la vida -- Sistemática: Búsqueda de orden entre la diversidad -- La diversidad de procariontes y virus -- La diversidad de protistas -- La diversidad de las plantas -- La diversidad de hongos -- Diversidad animal l: Invertebrados -- Diversidad animal ll: Vertebrados -- UNIDAD 4. COMPORTAMIENTO Y ECOLOGIA -- Comportamiento animal -- Crecimiento y regulación de poblaciones -- Interacciones comunitarias -- Flujo de energía y reciclamiento de nutrientes en los ecosistemas -- Diversos ecosistemas de la tierra -- Conservación de la biodiversidad de la tierra -- UNIDAD 5. ANATOMIA Y FISIOLOGIA ANIMAL -- Homeostasis y la organización del cuerpo animal -- Circulación -- Respiración -- Nutrición y digestión -- El sistema urinario -- Defensas contra las enfermedades -- Control químico del cuerpo animal: El sistema endocrino -- El sistema nervioso -- Los sentidos -- Acción y soporte: Los músculos y el esqueleto -- Reproducción animal -- Desarrollo animal -- UNIDAD 6. ANATOMIA Y FISIOLOGIA DE LAS PLANTAS -- Anatomía de las plantas y transporte de nutrientes -- Reproducción y desarrollo de las plantas -- Respuestas de las plantas al ambiente.-
650 4 _aBiología
_xCélulas
_xHerencia
_xEvolución
_xDiversidad
_xEcología
_xAnatomía
700 1 _aCurtis, Helena
_eautor
700 1 _aAudesirk, Gerald
_eautor
700 1 _aByers, Bruce E.
_eautor
700 1 _aCampos Olguín, Víctor
_etraductor
942 _2udc
_cLPD
_n0
999 _c70
_d70